| 000 | 00000nam##2200000za#4500 |
| 001 | 9.681479 |
| 003 | CaOODSP |
| 005 | 20200330071010 |
| 007 | ta |
| 008 | 150407|2001||||xxc||||| f|0| 0 fre|d |
| 020 | |a0-660-96538-0 |
| 040 | |aCaOODSP|bfre |
| 043 | |an-cn--- |
| 086 | 1 |aF2-156/2001F |
| 110 | 1 |aCanada. |bMinistère des finances. |
| 245 | 10|aPropositions législatives concernant les produits du tabac : |bavis de motion de voies et moyens et notes explicatives / |cPublié par le ministre des Finances, l'honorable Paul Martin, c.p., député. |
| 260 | |aOttawa - Ontario : |bFinances Canada. |c2001. |
| 300 | |a98p. ; |c23 cm. |
| 563 | |aCouverture souple |
| 590 | |a01-16|b2001-04-20 |
| 691 | 07|aIndustrie du tabac|2gcpds |
| 691 | 07|aDouanes|2gcpds |
| 691 | 07|aLégislation|2gcpds |
| 775 | 08|tLegislative proposals relating to tobacco products : |w(CaOODSP)9.648138 |
| 776 | 0#|tPropositions législatives concernant les produits du tabac : |w(CaOODSP)9.640575 |